|
|
|
|
| LEADER |
00000naa2a2200000 4500 |
| 001 |
242455 |
| 005 |
20251211085508.0 |
| 035 |
|
|
|a (RuTPU)RU\TPU\book\263771
|
| 035 |
|
|
|a RU\TPU\book\263711
|
| 090 |
|
|
|a 242455
|
| 100 |
|
|
|a 20130903d2013 k||y0rusy50 ca
|
| 101 |
0 |
|
|a rus
|
| 102 |
|
|
|a RU
|
| 135 |
|
|
|a drcn ---uucaa
|
| 181 |
|
0 |
|a i
|
| 182 |
|
0 |
|a b
|
| 200 |
1 |
|
|a Создание полимерных композиционных материалов пониженной плотности
|f Д. И. Земляков, А. А. Ляпков
|g науч. рук. Р. В. Аширов
|
| 203 |
|
|
|a Текст
|c электронный
|
| 225 |
1 |
|
|a Химическая технология полимерных материалов
|
| 300 |
|
|
|a Заглавие с титульного экрана
|
| 320 |
|
|
|a [Библиогр.: с. 133 (9 назв.)]
|
| 337 |
|
|
|a Adobe Reader
|
| 461 |
|
1 |
|0 (RuTPU)RU\TPU\book\259433
|t Химия и химическая технология в XXI веке
|o материалы XIV Всероссийской научно-практической конференции имени профессора Л.П. Кулёва студентов и молодых ученых с международным участием, Томск, 13-16 мая 2013 г
|o в 2 т.
|f Национальный исследовательский Томский политехнический университет (ТПУ)
|d 2013
|
| 463 |
|
1 |
|0 (RuTPU)RU\TPU\book\259439
|t Т. 2
|v [С. 131-133]
|d 2013
|
| 610 |
1 |
|
|a труды учёных ТПУ
|
| 610 |
1 |
|
|a электронный ресурс
|
| 610 |
1 |
|
|a полимерные материалы
|
| 610 |
1 |
|
|a композиционные материалы
|
| 610 |
1 |
|
|a пониженный порядок
|
| 610 |
1 |
|
|a плотность
|
| 610 |
1 |
|
|a создание
|
| 700 |
|
1 |
|a Земляков
|b Д. И.
|
| 701 |
|
1 |
|a Ляпков
|b А. А.
|c химик-технолог
|c доцент Томского политехнического университета, кандидат химических наук
|f 1958-
|g Алексей Алексеевич
|3 (RuTPU)RU\TPU\pers\25490
|9 11427
|
| 702 |
|
1 |
|a Аширов
|b Р. В.
|c химик-органик
|c старший научный сотрудник Томского политехнического университета, кандидат химических наук
|f 1980-
|g Роман Витальевич
|3 (RuTPU)RU\TPU\pers\31192
|4 727
|
| 712 |
0 |
2 |
|a Национальный исследовательский Томский политехнический университет (ТПУ)
|b Институт природных ресурсов (ИПР)
|b Кафедра технологии органических веществ и полимерных материалов (ТОВПМ)
|3 (RuTPU)RU\TPU\col\18659
|
| 801 |
|
2 |
|a RU
|b 63413507
|c 20130903
|g RCR
|
| 856 |
4 |
|
|u http://www.lib.tpu.ru/fulltext/c/2013/C27/V2/067.pdf
|
| 942 |
|
|
|c CF
|